000111752 001__ 111752
000111752 005__ 20220329090258.0
000111752 037__ $$aTAZ-TFG-2021-4830
000111752 041__ $$aspa
000111752 1001_ $$aEscuer
000111752 1001_ $$aArregui,
000111752 1001_ $$aMarta
000111752 24200 $$aEvaluation of the prescribed burning conditions that influence water repellency of soils under grass scrubbed by Echinospartum horridum in the Central Pyrenees
000111752 24500 $$aEvaluación de las condiciones de quema prescrita que influyen en la repelencia al agua de suelos bajo pasto matorralizado por erizón (Echinospartum horridum) en el Pirineo Central
000111752 260__ $$aZaragoza$$bUniversidad de Zaragoza$$c2021
000111752 506__ $$aby-nc-sa$$bCreative Commons$$c3.0$$uhttp://creativecommons.org/licenses/by-nc-sa/3.0/
000111752 520__ $$aCon el objetivo de evaluar los efectos en el suelo de distintas severidades de quema, se han realizado quemas controladas de monolitos de suelo bajo distintas temperaturas y tiempos. Los monolitos han sido muestreados justo después de las quemas y tras cinco meses de conservación en invernadero, separando las capas de 0-1 y 1-3 cm. Se han medido atributos químicos (pH y conductividad eléctrica), atributos físicos (persistencia e intensidad de la repelencia al agua) y atributos biológicos (carbono orgánico, lábil, recalcitrante, intermedio, microbiano y respirado). Los resultados indican que las quemas de mayor severidad causan sobre la materia orgánica un fuerte impacto tanto a nivel cuantitativo como cualitativo, afectando a diversas fracciones del carbono orgánico, así como a la biomasa microbiana y su actividad. Las quemas de mayor severidad también causan una fuerte repelencia al agua en superficie o profundidad, en función de la duración de la quema. A los cinco meses, la mayoría de los parámetros han vuelto a valores iniciales, y ha desaparecido la hidrofobicidad post fuego, lo que sugiere una rápida recuperación del suelo frente a la perturbación causada por el fuego.<br />
000111752 521__ $$aGraduado en Ciencias Ambientales
000111752 540__ $$aDerechos regulados por licencia Creative Commons
000111752 700__ $$aOrtiz Perpiña, Oriol$$edir.
000111752 7102_ $$aUniversidad de Zaragoza$$bCiencias Agrarias y del Medio Natural$$cEdafología y Química Agrícola
000111752 8560_ $$f701803@unizar.es
000111752 8564_ $$s5785957$$uhttps://zaguan.unizar.es/record/111752/files/TAZ-TFG-2021-4830.pdf$$yMemoria (spa)
000111752 909CO $$ooai:zaguan.unizar.es:111752$$pdriver$$ptrabajos-fin-grado
000111752 950__ $$a
000111752 951__ $$adeposita:2022-03-29
000111752 980__ $$aTAZ$$bTFG$$cEPSHUES
000111752 999__ $$a20211129135157.CREATION_DATE